Normal view
MARC view
Entry Personal Name
001 - CONTROL NUMBER
- control field: 31390
003 - CONTROL NUMBER IDENTIFIER
- control field: OSt
005 - DATE AND TIME OF LATEST TRANSACTION
- control field: 20260629113852.0
008 - FIXED-LENGTH DATA ELEMENTS
- fixed length control field: 260629|| aca||aabn | a|a d
040 ## - CATALOGING SOURCE
- Original cataloging agency: OSt
- Transcribing agency: OSt
100 ## - HEADING--PERSONAL NAME
- Personal name: Angelillo, Janet
670 ## - SOURCE DATA FOUND
- Source citation: Work cat.: (OSt)25308: Angelillo, Janet, Grammar Study, 2008
